|
|
|
|
| LEADER |
00000nam0a2200000 4500 |
| 001 |
326801 |
| 005 |
20231102003909.0 |
| 035 |
|
|
|a (RuTPU)RU\TPU\book\352461
|
| 090 |
|
|
|a 326801
|
| 100 |
|
|
|a 20170117d1946 m y0rusy50 ca
|
| 101 |
0 |
|
|a rus
|
| 102 |
|
|
|a RU
|
| 105 |
|
|
|a a z 001zy
|
| 200 |
1 |
|
|a Новгород Великий
|f М. Каргер
|g Академия архитектуры СССР ; Институт истории и теории архитектуры
|
| 210 |
|
|
|a Москва
|c изд-во Академии архитектуры СССР
|d 1946
|
| 215 |
|
|
|a 183 с.
|c ил.
|
| 225 |
1 |
|
|a Сокровища русского зодчества
|
| 320 |
|
|
|a Библиогр.: с. 92-93
|
| 320 |
|
|
|a Иллюстрации: с. 94-96
|
| 606 |
1 |
|
|a Великий Новгород, г.
|x История
|2 stltpush
|3 (RuTPU)RU\TPU\subj\67078
|9 82961
|
| 606 |
1 |
|
|a Города
|x Архитектура
|2 stltpush
|3 (RuTPU)RU\TPU\subj\8274
|9 35731
|
| 610 |
1 |
|
|a храмы
|
| 610 |
1 |
|
|a соборы
|
| 610 |
1 |
|
|a церкви
|
| 610 |
1 |
|
|a роспись
|
| 610 |
1 |
|
|a монастыри
|
| 610 |
1 |
|
|a башни
|
| 610 |
1 |
|
|a зодчество
|
| 675 |
|
|
|a 728.1
|v 4
|
| 686 |
|
|
|a Т3(235.0)
|v LBC/SL-A
|2 rubbk
|
| 700 |
|
1 |
|a Каргер
|b М.
|
| 712 |
0 |
2 |
|a Академия архитектуры СССР
|2 stltpush
|3 (RuTPU)RU\TPU\col\10244
|9 24810
|
| 712 |
0 |
2 |
|a Институт истории и теории архитектуры
|2 stltpush
|3 (RuTPU)RU\TPU\col\13703
|9 25756
|
| 801 |
|
1 |
|a RU
|b 63413507
|c 20170117
|
| 801 |
|
2 |
|a RU
|b 63413507
|c 20201005
|g RCR
|
| 942 |
|
|
|c BK
|